BUBT Library Online Catalog

The Duchess of Malfi : (Record no. 4686)

000 -LEADER
fixed length control field 00584nam a2200217Ia 4500
003 - CONTROL NUMBER IDENTIFIER
control field BUBTL
008 - FIXED-LENGTH DATA ELEMENTS--GENERAL INFORMATION
fixed length control field 151213s9999 xx 000 0 und d
020 ## - INTERNATIONAL STANDARD BOOK NUMBER
International Standard Book Number 0393900916
082 ## - DEWEY DECIMAL CLASSIFICATION NUMBER
Classification number 822.3/ W391d/ 2001
100 ## - MAIN ENTRY--PERSONAL NAME
Personal name Webster, John
9 (RLIN) 4902
245 ## - TITLE STATEMENT
Title The Duchess of Malfi :
Statement of responsibility, etc. John Webster
250 ## - EDITION STATEMENT
Edition statement 4th Edn.
260 ## - PUBLICATION, DISTRIBUTION, ETC. (IMPRINT)
Place of publication, distribution, etc. London
Name of publisher, distributor, etc. A & C Black London
Date of publication, distribution, etc. c2001
300 ## - PHYSICAL DESCRIPTION
Extent [xlviii],134p. :
Dimensions 20 cm
650 ## - SUBJECT ADDED ENTRY--TOPICAL TERM
Topical term or geographic name as entry element English Literature
650 ## - SUBJECT ADDED ENTRY--TOPICAL TERM
Topical term or geographic name as entry element
700 ## - ADDED ENTRY--PERSONAL NAME
Personal name John Webster
9 (RLIN) 5064
856 ## - ELECTRONIC LOCATION AND ACCESS
Password 0
Logon 0
Link text Download
942 ## - ADDED ENTRY ELEMENTS (KOHA)
Source of classification or shelving scheme
Koha item type Books
Holdings
Withdrawn status Lost status Source of classification or shelving scheme Damaged status Not for loan Collection code Permanent location Current location Shelving location Date acquired Source of acquisition Inventory number Total Checkouts Full call number Barcode Date last seen Copy number Price effective from Koha item type
        Not For Loan Fiction Bangladesh University of Business and Technology Library Bangladesh University of Business and Technology Library English Literature Stacks 05/11/2011 Purchase 8983   822.3/ W391d/ 2001 BUBTL-20038983 12/13/2022 C-1 12/13/2022 Books
          Fiction Bangladesh University of Business and Technology Library Bangladesh University of Business and Technology Library English Literature Stacks 05/11/2011 Purchase 8984   822.3/ W391d/ 2001 BUBTL-20038984 12/13/2022 C-2 12/13/2022 Books
          Fiction Bangladesh University of Business and Technology Library Bangladesh University of Business and Technology Library English Literature Stacks 05/11/2011 Purchase 8982   822.3/ W391d/ 2001 BUBTL-20038982 01/13/2023 C-3 01/13/2023 Books

More Information About Library

Library Hours

  • Open: 9.00 am. to 9.00 pm.
  • Only Sunday: 9.00 am. to 6.00 pm.
  • Closed: Holiday

Contact to the University

Bangladesh University of Business and Technology Library

  • Mirpurl-2, 1216.
  • Phone:
  • Fax:
  • E-Mail: admin.library@bubt.edu.bd

Contact to the Library

Contact Person:

Md. Abdul Hakim Shah
Joint Librarian
PABX No:  113
Cell No: 01816332931
E-mail: official: admin.library@bubt.edu.bd
Personal: hakim.shah@bubt.edu.bd


BUBT Library

Copyright © 2021